01018 a2200205 4500001000500000005001700005008004100022003001500063040004000078080003400118245003200152020001800184264004300202300002400245505035100269100002100620700002400641700002500665856012200690335420260407155428.0260407a2000 arg spa dAR-UNSa-BCEJYS aAR-UNSa-BCEJYSbspacAR-UNSa-BCEJYS a657.312xTipo de presupuestos10aLa gestión presupuestaria a950-537-510-7 1aBuenos Aires :bEdiciones Macchic2000 axxv, 498 p.c22 cm. a1. Por qué es necesario operar con presupuestos - 2. Planeamiento y presupuesto - 3. El presupuesto de ventas - 4. Planes de producción y de compras - 5. Costos - 6. El presupuesto económico - 7. El presupuesto financiero - 8. Conceptos generales sobre presupuesto - 9. Control presupuestario - 10. Caso práctico integral - 11. La empresa1 aLavolpe, Antonio1 aCapasso, Carmelo L.1 aSmolje, Alejandro R.41uhttps://biblioeco.unsa.edu.ar/pmb/images/libros/La Gestion Presupuestaria2-l118306.jpgyImagen de portadaqimage/jpeg